Serie A players 2006/07 - Statistics

General Stats
  • This quiz has been taken 12 times
  • The average score is 262 of 530
Answer Stats
Rank Player Positions Nationality Matches Goals Assists Clubs % Correct
202 Adriano DF 25 1 4
100%
230 Adriano FW 23 5 9
100%
119 Alberto Gilardino FW 30 12 3
100%
296 Aleandro Rosi DF, MF 19 2 1
100%
50 Alessandro Lucarelli DF 34 2 3
100%
355 Alessandro Nesta DF 14 0 0
100%
32 Alessandro Rosina MF 35 9 4
100%
1 Alex Manninger GK 38 0 0
100%
51 Andrea Pirlo MF 34 2 8
100%
155 Angelo Peruzzi GK 28 0 0
100%
400 César DF, MF 9 1 0
100%
408 César Cervo Luca DF 8 0 0
100%
12 Christian Abbiati GK 36 0 0
100%
416 Christian Vieri FW 7 2 1
100%
78 Clarence Seedorf MF 32 7 2
100%
141 Cristian Brocchi MF 29 1 3
100%
253 Cristiano Del Grosso DF 22 0 1
100%
53 Cristiano Lucarelli FW 34 20 3
100%
14 Cristian Zaccardo DF 36 5 2
100%
19 David Suazo FW 36 14 1
100%
209 Dida GK 25 0 0
100%
238 Fabio Grosso DF, MF 23 2 0
100%
357 Francesco Tavano FW 14 2 1
100%
39 Francesco Totti MF, FW 35 26 9
100%
126 Gennaro Gattuso MF 30 1 2
100%
23 Goran Pandev MF, FW 36 11 3
100%
144 Hernán Crespo FW 29 14 1
100%
6 Javier Zanetti DF, MF 37 1 1
100%
94 Júlio César GK 32 0 0
100%
113 Kaká MF, FW 31 8 6
100%
147 Mancini MF, FW 29 8 6
100%
159 Marco Cassetti DF, MF 28 2 1
100%
71 Marek Jankulovski DF, MF 33 3 4
100%
59 Mark Bresciano MF 34 6 4
100%
227 Nicolás Burdisso DF 24 2 1
100%
316 Paolo Maldini DF 18 1 0
100%
149 Paolo Zanetti MF 29 1 2
100%
362 Ronaldo FW 14 7 3
100%
3 Sébastien Frey GK 38 0 0
100%
29 Sergio Pellissier FW 36 9 3
100%
31 Tommaso Rocchi MF, FW 36 16 5
100%
187 Zlatan Ibrahimović FW 27 15 7
100%
62 Adrian Mutu MF, FW 33 16 8
88%
364 Alfonso De Lucia GK 13 0 0
88%
365 Álvaro Recoba MF, FW 13 1 1
88%
9 Andrea Barzagli DF 36 1 2
88%
10 Angelo Palombo MF 36 2 1
88%
106 Antonio Di Natale FW 31 11 7
88%
218 Carmine Coppola MF 24 0 2
88%
205 Christian Manfredini MF 25 2 0
88%
52 Christian Panucci DF 34 5 1
88%
191 Cristian Chivu DF 26 0 1
88%
192 Cristiano Doni MF 26 13 4
88%
15 Cristián Zapata DF 36 0 0
88%
124 Daniele Conti MF 30 3 4
88%
17 Daniele De Rossi DF, MF 36 2 4
88%
108 Dario Dainelli DF 31 1 0
88%
254 Dario Šimić DF 22 0 0
88%
81 David Pizarro MF 32 1 6
88%
55 Dejan Stanković MF 34 6 11
88%
83 Doni GK 32 0 0
88%
56 Erjon Bogdani FW 34 7 0
88%
22 Fabio Liverani MF 36 1 4
88%
65 Fábio Simplício MF 33 5 5
88%
289 Filippo Inzaghi FW 20 2 0
88%
157 Gaby Mudingayi MF 28 0 2
88%
220 Giampaolo Pazzini FW 24 7 0
88%
158 Giuseppe Mascara FW 28 6 4
88%
145 Iván Córdoba DF 29 0 1
88%
349 Julio Ricardo Cruz FW 15 7 1
88%
314 Kakha Kaladze DF, MF 18 1 1
88%
146 Luca Toni FW 29 16 4
88%
359 Luciano MF 14 0 1
88%
130 Marco Amelia GK 30 0 0
88%
260 Marco Storari GK 22 0 0
88%
278 Marco Zoro DF 21 1 0
88%
72 Mario Frick FW 33 6 2
88%
45 Martin Jørgensen MF 35 3 3
88%
211 Massimo Oddo DF 25 6 0
88%
161 Matteo Brighi MF 28 6 0
88%
214 Mirko Vučinić FW 25 2 3
88%
26 Morgan De Sanctis GK 36 0 0
88%
148 Nicola Ventola FW 29 6 3
88%
180 Philippe Mexès DF 27 3 1
88%
199 Ricardo Oliveira FW 26 3 1
88%
104 Roberto Stellone FW 32 4 2
88%
150 Rodrigo Taddei DF, FW 29 5 6
88%
283 Santiago Solari MF 21 1 1
88%
134 Sergio Almirón MF 30 6 1
88%
448 Simone Inzaghi FW 5 0 0
88%
61 Simone Perrotta MF 34 8 4
88%
48 Simone Vergassola MF 35 2 4
88%
167 Sulley Muntari MF 28 3 3
88%
449 Takayuki Morimoto MF, FW 5 1 0
88%
137 Vincent Candela DF, MF 30 0 1
88%
318 Walter Samuel DF 18 3 0
88%
398 Zeljko Kalac GK 10 0 0
88%
467 Alessandro Costacurta DF 3 1 0
75%
153 Alessandro Gamberini DF 28 3 0
75%
121 Alessandro Parisi DF 30 2 1
75%
190 Antonino D'Agostino MF 26 1 1
75%
34 Antonio Buscè MF 35 4 7
75%
483 Antonio Montella FW 2 0 0
75%
5 Armando Pantanelli GK 37 0 0
75%
217 Cafú DF 24 0 3
75%
401 Cesare Bovo DF 9 1 0
75%
77 Cesare Natali DF 32 0 0
75%
122 Christian Obodo MF 30 5 0
75%
237 Enrico Chiesa FW 23 0 2
75%
269 Esteban Cambiasso MF 21 3 3
75%
37 Fabio Quagliarella FW 35 13 2
75%
239 Fernando Couto DF 23 1 1
75%
310 Francesco Cozza MF 18 3 2
75%
38 Francesco Modesto DF, MF 35 2 6
75%
257 Franco Brienza MF, FW 22 0 2
75%
241 Gaetano D'Agostino MF 23 0 2
75%
348 Giuseppe Favalli DF 15 2 0
75%
42 Igor Budan FW 35 13 3
75%
274 Lorenzo D'Anna DF 21 1 1
75%
421 Luigi Di Biagio MF 7 2 0
75%
44 Luis Diego López DF 35 0 0
75%
160 Marco Materazzi DF 28 10 0
75%
302 Massimo Ambrosini MF 19 2 0
75%
162 Matteo Contini DF 28 1 0
75%
315 Mauro Esposito MF, FW 18 1 0
75%
60 Nicola Amoruso FW 34 17 2
75%
228 Olivier Dacourt MF 24 0 1
75%
292 Patrick Vieira MF 20 1 3
75%
264 Paul Codrea DF, MF 22 2 0
75%
182 Reginaldo FW 27 6 4
75%
265 Richard Vanigli DF 22 0 0
75%
7 Rolando Bianchi FW 37 18 2
75%
117 Salvatore Lanna DF 31 0 0
75%
200 Saša Bjelanović FW 26 7 0
75%
75 Simone Barone MF 33 0 1
75%
215 Stephen Makinwa FW 25 3 3
75%
186 Valerio Bertotto DF 27 1 0
75%
201 Vince Grella MF 26 1 2
75%
138 Vincenzo Iaquinta FW 30 14 5
75%
374 Vincenzo Montella FW 12 3 1
75%
407 Vitali Kutuzov FW 9 0 0
75%
284 Yoann Gourcuff MF 21 1 1
75%
353 Abdoulay Konko DF, MF 14 1 0
63%
188 Aimo Diana DF, MF 26 1 1
63%
363 Alberto Aquilani MF 13 1 0
63%
169 Alessandro Agostini DF 27 0 0
63%
4 Alex Calderoni GK 37 0 0
63%
307 Amauri FW 18 8 4
63%
154 Andrea Dossena DF, MF 28 0 0
63%
139 Andrea Gasbarroni MF, FW 29 6 0
63%
451 Andrea Rossi DF 4 0 0
63%
231 Andrea Soncin FW 23 7 2
63%
252 Arturo Di Napoli FW 22 2 1
63%
204 Asamoah Gyan FW 25 8 3
63%
415 César Prates DF, MF 7 0 1
63%
63 Cristian Ledesma MF 33 2 4
63%
206 Cristian Silvestri DF 25 0 2
63%
123 Daniele Balli GK 30 0 0
63%
207 Daniele Bonera DF 25 0 0
63%
142 David Di Michele FW 29 9 3
63%
21 Davide Moro MF 36 1 2
63%
378 Domenico Giampà MF 11 0 0
63%
235 Domenico Morfeo MF, FW 23 1 5
63%
84 Édgar Álvarez DF, MF 32 2 2
63%
174 Eugenio Corini MF 27 10 2
63%
270 Fabio Bazzani FW 21 1 1
63%
256 Fabio Gallo MF 22 0 3
63%
299 Fabio Moro DF 19 0 0
63%
411 Federico Giunti MF 8 0 1
63%
175 Ferdinand Coly DF 27 1 0
63%
86 Ferreira Pinto MF 32 2 5
63%
366 Francesco Flachi FW 13 4 3
63%
430 Francesco Toldo GK 6 0 0
63%
367 Gabriele Paoletti GK 13 0 0
63%
89 Giampiero Pinzi MF 32 1 1
63%
41 Gianluca Comotto DF 35 3 3
63%
242 Gianluca Pagliuca GK 23 0 0
63%
90 Gianpaolo Bellini DF 32 1 0
63%
111 Giorgio Corona FW 31 7 0
63%
92 Giovanni Pasquale DF 32 0 2
63%
93 Giulio Falcone DF 32 0 0
63%
243 Giuseppe Biava DF 23 1 1
63%
392 Giuseppe Pancaro DF 10 0 0
63%
312 Giuseppe Rossi MF, FW 18 9 4
63%
258 Ibrahima Bakayoko FW 22 3 0
63%
273 Ivica Iliev MF, FW 21 0 1
63%
394 Jorge Bolaño MF 10 0 0
63%
313 José Luís Vidigal MF 18 0 0
63%
69 Juan Manuel Vargas DF, MF 33 0 2
63%
490 Lorenzo De Silvestri DF, MF 2 0 0
63%
195 Luca Bucci GK 26 0 0
63%
196 Luca Castellazzi GK 26 0 0
63%
96 Luís Figo MF, FW 32 2 8
63%
58 Manuel Pasqual DF, MF 34 0 4
63%
405 Marco Borriello FW 9 1 0
63%
300 Marco Donadel MF 19 0 2
63%
458 Marco Rossi DF 4 0 0
63%
129 Marc Pfertzel DF, MF 30 2 0
63%
360 Mariano González MF 14 0 1
63%
279 Mark Iuliano DF 21 0 0
63%
422 Masashi Oguro FW 7 0 0
63%
384 Massimo Maccarone FW 11 6 0
63%
179 Matteo Ferrari DF 27 2 2
63%
131 Mattia Cassani DF 30 0 1
63%
132 Max Tonetto DF, MF 30 0 1
63%
102 Michele Paolucci MF, FW 32 6 0
63%
73 Paolo Castellini DF 33 0 1
63%
291 Paolo Negro DF 20 3 0
63%
197 Pasquale Foggia MF, FW 26 5 0
63%
198 Paulo Vitor Barreto FW 26 4 5
63%
480 Radosław Matusiak FW 3 1 0
63%
342 Rahman Rezaei DF 16 1 0
63%
27 Riccardo Montolivo MF 36 2 5
63%
165 Roberto Muzzi FW 28 3 1
63%
343 Roman Eremenko MF 16 0 3
63%
105 Sebastiano Siviglia DF 32 3 0
63%
435 Serginho DF, MF 6 0 0
63%
344 Simone Tiribocchi FW 16 3 1
63%
8 Stefano Morrone MF 37 1 3
63%
118 Tomáš Ujfaluši DF 31 1 1
63%
152 Valentin Năstase DF 29 0 0
63%
229 Victor Obinna FW 24 5 2
63%
168 Zlatan Muslimović FW 28 3 3
63%
437 Zlatko Dedić FW 6 0 0
63%
354 Aleksandar Luković DF 14 0 3
50%
120 Alessandro Budel MF 30 1 1
50%
502 Alex Guerci MF 1 0 0
50%
345 Andrea Campagnolo GK 15 0 0
50%
170 Andrea Caracciolo FW 27 5 0
50%
250 Andrea Coda DF 22 0 1
50%
375 Andrea Zanchetta MF 11 2 3
50%
452 Angelo Ogbonna DF 4 0 0
50%
216 Antonino Bernardini MF 24 0 4
50%
11 Antonio Filippini DF, MF 36 2 4
50%
438 Axel Cédric Konan FW 5 0 0
50%
107 Christian Maggio DF, MF 31 2 0
50%
469 Christian Puggioni GK 3 0 0
50%
171 Christian Riganò FW 27 19 1
50%
455 Christian Terlizzi DF 4 0 0
50%
333 Damiano Ferronetti DF, MF 16 0 0
50%
16 Daniele Amerini MF 36 1 1
50%
54 Daniele Dessena MF 34 2 0
50%
288 Daniele Gastaldello DF 20 0 0
50%
208 David Balleri DF 25 0 1
50%
409 Davide Bassi GK 8 0 0
50%
234 Davide Bombardini MF 23 2 3
50%
509 Davide Di Gennaro MF, FW 1 0 0
50%
487 Doudou Diaw DF 2 0 0
50%
173 Emiliano Bonazzoli FW 27 4 2
50%
236 Emílson Cribari DF 23 1 0
50%
255 Ezio Brevi DF, MF 22 1 0
50%
379 Fabio Firmani MF 11 0 1
50%
429 Fabio Pecchia MF 6 0 0
50%
371 Felipe dal Belo DF 12 1 0
50%
471 Francesco Coco DF 3 0 0
50%
219 Francesco Parravicini MF 24 1 0
50%
176 Francesco Pratali DF 27 1 0
50%
88 Franco Semioli MF 32 2 2
50%
110 Gennaro Delvecchio MF 31 5 1
50%
67 Giandomenico Mesto DF, MF 33 0 5
50%
382 Gianluca Berti GK 11 0 0
50%
431 Gianluca Curci GK 6 0 0
50%
91 Gionatha Spinesi FW 32 17 2
50%
404 Giovanni Marchese DF 9 0 0
50%
442 Giuseppe Cardone DF 5 0 0
50%
2 Ighli Vannucchi MF 38 4 10
50%
358 Igli Tare FW 14 0 2
50%
476 Leandro Grimi DF 3 0 0
50%
43 Lorenzo Stovini DF 35 2 1
50%
95 Luca Antonini DF, MF 32 3 0
50%
57 Luca Saudati MF, FW 34 14 2
50%
128 Luca Vigiani MF 30 4 0
50%
25 Luciano Zauri DF 36 0 1
50%
224 Luigi Sala DF 24 0 0
50%
259 Manuel Belleri DF 22 1 1
50%
383 Marco Ballotta GK 11 0 0
50%
395 Marco Delvecchio FW 10 2 0
50%
245 Marco Di Loreto DF 23 0 1
50%
339 Marco Motta DF 16 0 0
50%
98 Marco Zanchi DF 32 2 0
50%
413 Mario Santana MF 8 1 1
50%
116 Mark Edusei MF 31 0 0
50%
280 Massimo Bonanni MF 21 2 2
50%
99 Massimo Donati MF 32 1 4
50%
477 Massimo Taibi GK 3 0 0
50%
351 Mattia Biso MF 15 0 0
50%
396 Mauro Minelli DF 10 1 0
50%
247 Michele Ferri DF 23 1 0
50%
101 Michele Fini MF 32 1 1
50%
213 Michele Marcolini MF 25 1 1
50%
479 Modibo Diakité DF 3 0 0
50%
447 Nelson Abeijón MF 5 0 0
50%
133 Nicola Pozzi FW 30 5 0
50%
163 Nikola Lazetić MF 28 0 2
50%
263 Oscar Brevi DF 22 0 0
50%
282 Per Krøldrup DF 21 1 0
50%
406 Riccardo Bonetto DF, MF 9 0 0
50%
372 Riccardo Corallo DF 12 0 0
50%
164 Riccardo Zampagna FW 28 11 2
50%
248 Roberto D'Aversa MF 23 0 3
50%
317 Samuel Kuffour DF 18 0 0
50%
183 Sergio Floccari FW 27 2 3
50%
166 Simone Loria DF 28 5 0
50%
369 Simone Pavan DF 13 0 0
50%
497 Stefano Argilli MF 2 0 0
50%
397 Stefano Lombardi DF 10 0 0
50%
436 Stefano Okaka FW 6 1 0
50%
389 Tomáš Zápotočný DF 11 0 0
50%
327 Valon Behrami DF, MF 17 1 0
50%
529 Vedin Musić DF, MF 1 0 0
50%
329 Vincenzo Sicignano GK 17 0 0
50%
76 Alberto Fontana GK 32 0 0
38%
499 Alberto Fontana GK 1 0 0
38%
49 Alessandro Grandoni DF 34 0 0
38%
203 Andrea Capone MF 25 3 1
38%
331 Andrea Giallombardo DF 16 0 0
38%
482 Antonio Ghomsi DF 2 0 0
38%
332 Antonio Langella MF, FW 16 0 0
38%
298 Christian Wilhelmsson MF 19 1 2
38%
79 Claudio Rivalta DF 32 1 2
38%
13 Cristian Molinaro DF, MF 36 1 0
38%
287 Daniele Corvia FW 20 1 1
38%
172 Daniele De Vezze MF 27 0 1
38%
18 Daniele Franceschini MF 36 6 2
38%
377 Dario Knežević DF 11 1 0
38%
64 Davide Baiocco MF 33 0 3
38%
20 Davide Mandelli DF 36 1 0
38%
439 Denis Godeas FW 5 0 0
38%
125 Diego De Ascentis MF 30 0 1
38%
356 Dimitrios Eleftheropoulos GK 14 0 0
38%
418 Edinson Cavani MF, FW 7 2 0
38%
143 Elvis Abbruscato FW 29 3 0
38%
36 Fabio Caserta MF 35 6 2
38%
391 Fabrizio Ficini MF 10 0 0
38%
334 Fausto Rossini FW 16 2 0
38%
402 Federico Agliardi GK 9 0 0
38%
240 Francesco Pisano DF 23 0 1
38%
311 Gabriele Cioffi DF 18 1 0
38%
381 Gaetano Fontana MF 11 0 0
38%
441 Gianluca Falsini DF 5 0 1
38%
443 Giuseppe Cozzolino FW 5 0 0
38%
271 Guglielmo Stendardo DF 21 3 0
38%
112 Iacopo Balestri DF 31 0 3
38%
127 Ivan Franceschini DF 30 1 0
38%
336 Julio César de León MF 16 2 4
38%
517 Kewullay Conteh DF 1 0 0
38%
290 Leonardo Talamonti DF 20 0 0
38%
275 Lorenzo Squizzi GK 21 0 0
38%
276 Luca Cigarini MF 21 1 2
38%
337 Luis Jiménez MF, FW 16 2 2
38%
97 Maicon Sisenando DF 32 2 8
38%
491 Marco Biagianti MF 2 0 0
38%
70 Marco Pisano DF 33 0 2
38%
301 Mariano Julio Izco MF 19 0 1
38%
445 Martin Bergvold MF 5 0 0
38%
340 Massimo Gobbi DF, MF 16 0 0
38%
212 Massimo Paci DF 25 0 0
38%
341 Matteo Melara DF 16 0 0
38%
261 Maxwell DF 22 1 1
38%
460 Michele Canini DF 4 0 0
38%
281 Michele Pazienza MF 21 0 0
38%
414 Mirco Gasparetto FW 8 0 0
38%
433 Mitsuo Ogasawara MF 6 1 0
38%
103 Paolo Sammarco MF 32 2 1
38%
293 Paulinho FW 20 2 1
38%
352 Reto Ziegler DF, MF 15 1 2
38%
361 Ricardo Esteves DF, MF 14 1 0
38%
386 Ricardo Faty MF 11 0 1
38%
461 Salvatore Bruno FW 4 0 0
38%
462 Salvatore Sullo MF 4 0 0
38%
135 Sergio Volpi MF 30 4 2
38%
30 Simone Pepe MF, FW 36 3 3
38%
306 Stefano Fiore MF 19 1 0
38%
151 Stefano Mauri MF, FW 29 6 2
38%
370 Tomas Danilevičius FW 13 3 0
38%
465 Vladimir Koman MF 4 0 1
38%
466 Zdravko Kuzmanović MF 4 0 0
38%
399 Alessandro Gazzi MF 9 0 0
25%
189 Andrea Ardito MF 26 0 1
25%
468 Andrea Cocco FW 3 1 0
25%
285 Andrea Pisanu MF, FW 20 0 2
25%
33 Andrea Raggi DF 35 1 0
25%
232 Angelo Rea DF 23 0 0
25%
309 Antonio Bocchetti DF 18 0 1
25%
251 Antonio Chimenti GK 22 0 0
25%
346 Antonio Giosa DF 15 0 0
25%
35 Cristian Zenoni DF 35 1 2
25%
286 Damiano Zenoni DF, MF 20 0 0
25%
233 Daniele Galloppa MF 23 0 2
25%
156 Daniele Portanova DF 28 2 0
25%
440 Éder MF, FW 5 0 0
25%
410 Emanuele Manitta GK 8 0 0
25%
85 Fabio Galante DF 32 1 1
25%
321 Federico Cossato FW 17 1 0
25%
66 Fernando Tissone MF 33 3 4
25%
87 Francesco Marianini MF 32 1 2
25%
488 Gaetano Cala 0 2 0 0
25%
40 Giacomo Tedesco MF 35 2 7
25%
221 Giorgio Lucenti MF 24 0 1
25%
210 Giovanni Tedesco MF 25 3 1
25%
68 Giulio Migliaccio DF, MF 33 2 1
25%
473 Giuseppe Bellusci DF 3 0 0
25%
420 Guillermo Giacomazzi MF 7 0 0
25%
272 Ivan Pelizzoli GK 21 0 0
25%
393 Joe Bizera DF 10 0 0
25%
178 Leandro Rinaudo DF 27 1 1
25%
115 Manuele Blasi MF 31 1 1
25%
457 Marco Andreolli DF 4 0 0
25%
324 Marco Fortin GK 17 0 0
25%
277 Marco Malagò DF 21 0 0
25%
350 Marco Pecorari DF 15 1 0
25%
225 Massimo Mutarelli MF 24 2 1
25%
521 Matteo Darmian DF, MF 1 0 0
25%
100 Maurizio Lanzaro DF 32 0 0
25%
226 Mirko Pieri DF, MF 24 0 3
25%
424 Nicki Bille Nielsen FW 7 0 0
25%
262 Nicolás Córdova MF 22 5 2
25%
46 Paolo Bianco DF 35 1 0
25%
425 Paolo Dellafiore DF 7 0 0
25%
385 Paolo Foglio DF 11 0 0
25%
47 Salvatore Aronica DF 35 0 0
25%
495 Salvatore Bocchetti DF 2 0 0
25%
523 Salvatore Burrai MF 1 0 0
25%
28 Salvatore Masiello DF, MF 36 1 3
25%
525 Schumacher FW 1 0 0
25%
266 Simone Missiroli MF 22 0 1
25%
267 Stefano Guberti MF 22 1 0
25%
185 Stefano Lucchini DF 27 0 1
25%
498 Tommaso Berni GK 2 0 0
25%
136 Viktor Budyanskiy MF 30 3 1
25%
295 Vittorio Tosto DF 20 0 2
25%
427 Alessandro Conticchio MF 6 0 0
13%
297 Alessandro Potenza DF 19 1 0
13%
503 Andrea Ivan GK 1 0 0
13%
308 Andrea Mantovani DF 18 0 0
13%
268 Andrea Parola MF 21 0 0
13%
140 Andrea Sottil DF 29 1 1
13%
453 Antonino Barillà DF, MF 4 0 0
13%
505 Carlo Zotti GK 1 0 0
13%
417 Ciro Capuano DF 7 1 0
13%
506 Ciro Polito GK 1 0 0
13%
470 Claudio Coralli FW 3 0 0
13%
347 Daniele Adani DF 15 0 0
13%
80 Dario Passoni MF 32 0 3
13%
319 Davide Marchini MF 17 3 1
13%
419 Ervin Skela MF, FW 7 0 0
13%
510 Fabrizio Casazza GK 1 0 0
13%
511 Federico Gerardi FW 1 0 0
13%
323 Gennaro Sardo DF 17 0 0
13%
222 Giuseppe Colucci MF 24 3 3
13%
444 Giuseppe Scurto DF 5 0 0
13%
516 Jani Tapani Virtanen FW 1 0 0
13%
244 Kamil Kosowski MF 23 0 0
13%
475 Karamoko Cissé MF, FW 3 0 0
13%
518 Lampros Choutos MF, FW 1 0 0
13%
193 Leonardo Colucci MF 26 1 1
13%
194 Lino Marzorati DF 26 1 0
13%
519 Luca Antonelli DF, MF 1 0 0
13%
114 Luigi Lavecchia DF, MF 31 0 1
13%
338 Manolo Pestrin MF 16 0 2
13%
446 Mattia Marchesetti MF, FW 5 0 0
13%
304 Mirko Cudini DF 19 0 0
13%
423 Nicholas Caglioni GK 7 0 0
13%
434 Palmiro Di Dio DF 6 0 0
13%
326 Raffaele De Martino MF 17 1 0
13%
387 Roberto Baronio MF 11 0 0
13%
74 Roberto Guana MF 33 0 1
13%
294 Rubén Olivera MF 20 0 1
13%
526 Simone Aresti GK 1 0 0
13%
463 Thomas Job MF 4 0 0
13%
249 Tomas Locatelli MF, FW 23 0 3
13%
388 Tomáš Sivok DF, MF 11 1 0
13%
464 Valerio Virga MF 4 0 0
13%
328 Vincenzo Italiano MF 17 0 0
13%
500 Alberto Quadri MF 1 0 0
0%
330 Alberto Valentim DF, MF 16 0 1
0%
426 Alessandro Bastrini DF 6 0 0
0%
481 Alessandro Boccolini GK 2 0 0
0%
501 Alessandro Cesaretti GK 1 0 0
0%
450 Alessandro Romeo FW 4 0 0
0%
428 Armando Perna DF 6 0 0
0%
504 Bruno Fontes da Mota MF 1 0 0
0%
454 Cesare Rickler DF 4 0 0
0%
484 Christian Tiboni FW 2 0 0
0%
507 Claudio Ferrarese MF 1 0 0
0%
485 Daniele Buzzegoli MF 2 0 0
0%
376 Daniele Paponi FW 11 1 0
0%
486 Danilo Soddimo MF, FW 2 0 0
0%
109 Davide Biondini MF 31 1 3
0%
508 Davide Brivio DF 1 0 0
0%
82 Davide Matteini MF, FW 32 4 0
0%
320 Enrico Morello DF 17 0 0
0%
512 Federico Melchiorri FW 1 0 0
0%
380 Filippo Carobbio MF 11 0 0
0%
403 Francesco Millesi MF 9 0 1
0%
472 Gabriel Peñalba MF 3 0 0
0%
322 Gaetano Vastola DF 17 0 1
0%
177 Giampietro Perrulli MF 27 2 3
0%
513 Gianvito Plasmati FW 1 0 0
0%
514 Girolamo Provenzano 0 1 0 0
0%
335 Guilherme Siqueira DF, MF 16 0 1
0%
515 Ibrahim Maaroufi MF 1 0 0
0%
489 Ivano Baldanzeddu DF 2 0 0
0%
412 José Montiel MF 8 0 0
0%
474 José Semedo DF, MF 3 0 0
0%
432 Leonel Ríos MF, FW 6 0 0
0%
24 Luca Ariatti DF, MF 36 2 0
0%
223 Luca Tognozzi MF 24 0 0
0%
456 Luigi Martinelli DF 4 0 0
0%
520 Marco Mancosu MF, FW 1 1 0
0%
325 Marino Defendi DF, MF 17 1 0
0%
459 Massimo Gotti DF 4 0 0
0%
492 Massimo Minetti FW 2 0 0
0%
246 Maurizio Ciaramitaro MF 23 0 1
0%
303 Michelangelo Minieri DF 19 0 0
0%
478 Michele Troiano MF 3 0 0
0%
305 Moris Carrozzieri DF, FW 19 1 0
0%
368 Nicola Ascoli DF 13 0 1
0%
493 Olivier N'Siabamfumu DF, MF 2 0 0
0%
181 Pietro Accardi DF 27 0 0
0%
522 Pietro Arnulfo FW 1 0 0
0%
373 Riccardo Nardini DF, MF 12 0 0
0%
494 Roberto Puddu FW 2 0 0
0%
524 Salvatore Caturano FW 1 0 0
0%
496 Samuel Di Carmine MF, FW 2 0 0
0%
527 Simone Iacoponi DF 1 0 0
0%
184 Simone Pesce MF 27 0 5
0%
528 Stefano Garzon MF 1 0 0
0%
390 Umberto Del Core FW 11 0 0
0%
530 Xhulian Rrudho FW 1 0 0
0%
No matching quizzes found
Score Distribution
Percent of People with Each Score
Percentile by Number Answered
Your Score History
You have not taken this quiz